| 000 | 01249cam a2200277 4500 | ||
|---|---|---|---|
| 001 | ABS64729 | ||
| 008 | 011029n2001 000 0 eng u | ||
| 035 | _a(Sirsi) u115363 | ||
| 100 | _aMellor, A | ||
| 245 | _aMinimise the risks | ||
| 260 | _c2001 | ||
| 490 |
_aEstates Gazette _v(0142) 20 October 2001, 132-133(2) |
||
| 520 | _aFeature on how legal indemnity insurance can protect developers and investors against property title defects. Looks at the two different types of policy, conventional and title, what they provide, and the risks they protect against which include financial losses, abortive costs and alterations, demolition and reinstatement. Outlines factors to consider when deciding whether insurance is appropriate, the practicalities in arranging insurance and the cost of obtaining indemnity cover. Concludes that indemnity insurance can solve problems that may otherwise prevent developments. | ||
| 590 | _aABS | ||
| 650 | _aINDEMNITY INSURANCE | ||
| 650 | _aPLANNING ISSUES | ||
| 650 | _aTITLE INSURANCE | ||
| 650 | _aRISKS | ||
| 650 | _aCOSTS | ||
| 650 | _aFINANCIAL LOSS | ||
| 650 | _aPROPERTY DEVELOPMENT | ||
| 650 | _aINSURANCE POLICIES | ||
| 690 | _aPROPERTY | ||
| 700 | _aNoblet, S | ||
| 942 | _n0 | ||
| 999 |
_c68704 _d68704 |
||